[Event "Tourn. n9313"]
[Site "www.chess-mail.com"]
[Date "2017.04.13"]
[Round "1"]
[White "Insearchof"]
[Black "Ll69"]
[WhiteElo "1499"]
[BlackElo "1499"]
[Result "1-0"]
[Round "1"]
1.e4 e6
2.d4 d5
3.Nb1c3 Bf8b4
4.e5 c5
5.a3 Bb4xc3
6.bxc3 Qd8c7
7.Qd1g4 f5
8.Qg4g3 Nb8c6
9.Ng1f3 cxd4
10.Bf1b5 dxc3
11.a4 h6
12.Bc1a3 Qc7f7
13.Nf3d4 Bc8d7
14.Bb5xc6 Bd7xc6
15.Nd4xe6 { resign }
1-0

[Event "Tourn. n9043"]
[Site "www.chess-mail.com"]
[Date "2017.04.13"]
[Round "1"]
[White "Stepanpech"]
[Black "Prize640"]
[WhiteElo "2150"]
[BlackElo "2280"]
[Result "1-0"]
[Round "1"]
1.d4 Ng8f6
2.c4 g6
3.Nb1c3 d5
4.cxd5 Nf6xd5
5.e4 Nd5xc3
6.bxc3 Bf8g7
7.Ng1f3 c5
8.Bc1e3 O-O
9.Qd1d2 Nb8c6
10.Ra1c1 cxd4
11.cxd4 Qd8a5
12.d5 Qa5xd2
13.Nf3xd2 Nc6d4
14.Rc1c4 e5
15.Bf1d3 b6
16.Rc4c1 Bc8d7
17.f3 Bd7b5
18.Bd3xb5 Nd4xb5
19.Ke2 Ra8c8
20.Nd2c4 Rf8d8
21.a4 Nb5d4
22.Be3xd4 exd4
23.Rc1c2 Rc8c5
24.Rh1b1 Rd8c8
25.Kd3 Bg7e5
26.g3 g5
27.Rb1b5 f6
28.Rb5xc5 bxc5
29.Nc4a5 Rc8c7
30.Na5c6 Rc7b7
31.Rc2xc5 Rb7b3
32.Kc2 Rb3xf3
33.Nc6xe5 fxe5
34.d6 Rf3f6
35.d7 { resign }
1-0

[Event "Match"]
[Site "www.echecsemail.com"]
[Date "2017.04.13"]
[Round "1"]
[White "Paco"]
[Black "Sozaro"]
[WhiteElo "1910"]
[BlackElo "1699"]
[Result "0-1"]
[Round "1"]
1.e4 e5
2.Ng1f3 Nb8c6
3.Bf1c4 Ng8f6
4.Nf3g5 d5
5.exd5 Nc6a5
6.Bc4b5 c6
7.Bb5a4 b5
8.Ba4b3 h6
9.Ng5f3 e4
10.Nf3e5 Na5xb3
11.cxb3 Qd8xd5
12.Qd1c2 Bc8f5
13.Qc2xc6 Qd5xc6
14.Ne5xc6 Ra8c8
15.Nc6xa7 Rc8xc1
16.Ke2 Rc1xh1
17.Na7xb5 Nf6d5
18.a4 Bf8c5
19.h3 Nd5f4
{ resign }
0-1

[Event "Match"]
[Site "www.echecsemail.com"]
[Date "2017.04.13"]
[Round "1"]
[White "Cjood"]
[Black "Chapi"]
[WhiteElo "1699"]
[BlackElo "2170"]
[Result "0-1"]
[Round "1"]
1.b3 d5
2.Bc1b2 c5
3.Ng1f3 Nb8c6
4.e3 Bc8g4
5.h3 Bg4h5
6.Bf1d3 e6
7.g4 Bh5g6
8.Bd3xg6 hxg6
9.d4 Ng8f6
10.Nb1c3 cxd4
11.exd4 Nf6xg4
12.Rh1g1 Ng4h6
13.Qd1d3 Nh6f5
14.Rg1g4 Rh8xh3
15.Nc3e2 Nc6b4
16.Qd3c3 Ra8c8
17.Qc3d2 Rc8xc2
{ resign }
0-1

[Event "Match"]
[Site "www.echecsemail.com"]
[Date "2017.04.13"]
[Round "1"]
[White "Biggles"]
[Black "Said1991"]
[WhiteElo "2160"]
[BlackElo "1809"]
[Result "0-1"]
[Round "1"]
1.e4 c6
2.d4 d5
3.exd5 cxd5
4.c4 e6
5.Nb1c3 Ng8f6
6.Ng1f3 Nb8d7
7.Bc1g5 Qd8a5
8.Qd1c2 Bf8b4
9.Bf1d3 Nf6e4
10.O-O Ne4xg5
11.Nf3xg5 dxc4
12.Bd3xc4 Qa5xg5
13.Nc3b5 O-O
14.Nb5c7 Ra8b8
15.Qc2b3 Bb4d6
16.Nc7b5 Bd6e7
17.Ra1e1 a6
18.Nb5c3 b5
19.Bc4d3 Nd7f6
20.Qb3c2 Bc8b7
21.f3 Rf8c8
22.Re1e5 Qg5h6
23.Qc2e2 Be7d6
{ resign }
0-1

[Event "Match"]
[Site "www.echecsemail.com"]
[Date "2017.04.13"]
[Round "1"]
[White "86eamon"]
[Black "52maurice"]
[WhiteElo "1499"]
[BlackElo "1499"]
[Result "0-1"]
[Round "1"]
1.d4 c6
2.e4 b5
3.g3 d5
4.Bf1g2 Ng8f6
5.exd5 cxd5
6.Bg2xd5 Nf6xd5
7.Ng1f3 Bc8g4
8.Ke2 e6
9.b3 Nb8d7
10.Bc1g5 f6
11.Bg5d2 g5
12.Bd2a5 Qd8xa5
13.h3 Qa5c3
14.Nb1xc3 Nd5xc3
15.Ke3 Nc3xd1
16.Ra1xd1 Bg4xf3
17.Kxf3 Ra8c8
18.Kg2 Rc8xc2
19.Rh1e1 Kf7
20.d5 e5
21.d6 Rc2xa2
22.b4 Ra2a4
23.Re1e4 Ke6
24.h4 f5
25.Re4e3 g4
26.Re3c3 Bf8xd6
27.Rc3c6 Rh8d8
28.Rc6xd6 Ke7
29.Rd6h6 Nd7f8
30.Rd1e1 e4
31.Rh6h5 Ke6
32.Rh5g5 Ra4xb4
33.Rg5g8 Kf7
34.Rg8g5 Rd8d5
35.Re1c1 Nf8e6
36.Rg5h5 Kg6
37.Rc1c6 Kxh5
38.Rc6xe6 a5
39.Re6e7 h6
40.Re7a7 a4
41.Ra7c7 Rd5d2
42.Rc7c5 e3
43.Rc5xf5 Kg6
44.Rf5g5 hxg5
{ resign }
0-1

[Event "Eq:Good team-Tigers of Istanbul : "]
[Site "www.chess-mail.com"]
[Date "2017.04.13"]
[Round "1"]
[White "Vaido12"]
[Black "Vasylpuzanov"]
[WhiteElo "2240"]
[BlackElo "1760"]
[Result "1-0"]
[Round "1"]
1.e4 c5
2.Ng1f3 e6
3.d4 cxd4
4.Nf3xd4 Nb8c6
5.Nb1c3 Qd8c7
6.Bc1e3 a6
7.Qd1d2 Bf8b4
8.a3 Bb4xc3
9.Qd2xc3 Ng8e7
10.Nd4xc6 Qc7xc6
11.Qc3xg7 Rh8g8
{ time. }
1-0

[Event "Eq:Good team-Tigers of Istanbul : "]
[Site "www.chess-mail.com"]
[Date "2017.04.13"]
[Round "1"]
[White "Vasylpuzanov"]
[Black "Vaido12"]
[WhiteElo "1760"]
[BlackElo "2240"]
[Result "0-1"]
[Round "1"]
1.e4 c5
2.f4 d5
3.exd5 Ng8f6
4.Ng1f3 Nf6xd5
5.Bf1c4 e6
6.d3 Bf8d6
7.Bc4xd5 exd5
8.O-O O-O
9.Nb1c3 Bd6c7
10.Bc1d2 { time. }
0-1

[Event "Fast Game"]
[Site "www.echecsemail.com"]
[Date "2017.04.13"]
[Round "1"]
[White "Cal"]
[Black "Hennie4820"]
[WhiteElo "1700"]
[BlackElo "1670"]
[Result "0-1"]
[Round "1"]
1.Ng1f3 Ng8f6
2.d4 g6
3.Nb1c3 Bf8g7
4.h3 O-O
5.e4 d6
6.Bf1c4 Nb8d7
7.O-O e5
8.d5 Nd7c5
9.a3 Nc5xe4
10.Rf1e1 Ne4xc3
11.bxc3 b6
12.Bc1g5 h6
13.Bg5xf6 Bg7xf6
14.Bc4b3 Bc8b7
15.Re1e4 Bf6g7
16.c4 f5
17.Re4e2 e4
18.Nf3h2 Bg7xa1
19.Qd1xa1 Qd8f6
20.c3 Ra8e8
21.Bb3a4 Re8e7
22.Qa1c1 g5
23.Ba4c2 Qf6xc3
24.g4 f4
25.a4 Qc3xc4
26.Re2e1 Qc4xd5
27.Kg2 e3
28.Nh2f3 Qd5xf3
29.Kf1 Qf3xf2
{ resign }
0-1

[Event "Tourn. n9243"]
[Site "www.chess-mail.com"]
[Date "2017.04.14"]
[Round "1"]
[White "Norlavuaram"]
[Black "Actmy"]
[WhiteElo "2130"]
[BlackElo "2330"]
[Result "0-1"]
[Round "1"]
1.e4 c5
2.Ng1f3 e6
3.d4 cxd4
4.Nf3xd4 Nb8c6
5.Bc1e3 Qd8c7
6.c4 Ng8f6
7.Nb1c3 Bf8b4
8.Bf1d3 Nc6xd4
9.Be3xd4 e5
10.Bd4e3 Bb4xc3
11.bxc3 d6
12.O-O Bc8e6
13.Ra1b1 O-O
14.Qd1e2 b6
15.f3 Ra8c8
16.Rf1d1 Nf6d7
17.Rb1b2 Nd7c5
18.Bd3c2 Nc5b7
19.Bc2b3 Be6xc4
20.Bb3xc4 Qc7xc4
21.Qe2xc4 Rc8xc4
22.Be3d2 Rc4a4
23.Bd2g5 f6
24.Bg5e3 Kf7
25.Rd1c1 Rf8c8
26.Kf1 Nb7a5
27.Be3f2 Ra4a3
28.Rb2c2 Ke6
29.Ke2 Rc8c4
30.Bf2e1 Rc4a4
31.Be1f2 Ra3xa2
32.Kd3 Na5b3
33.Rc1b1 Nb3c5
34.Bf2xc5 dxc5
35.Rb1b2 c4
36.Kd2 Ra2xb2
37.Rc2xb2 Kd6
38.Ke3 Ra4a3
39.Kd2 Kc5
40.Kc2 b5
41.Kd2 a5
{ resign }
0-1

[Event "Tourn. n9192"]
[Site "www.chess-mail.com"]
[Date "2017.04.14"]
[Round "1"]
[White "Piriot"]
[Black "Norlavuaram"]
[WhiteElo "2169"]
[BlackElo "2100"]
[Result "1-0"]
[Round "1"]
1.Ng1f3 Ng8f6
2.c4 d6
3.d4 g6
4.Nb1c3 Bf8g7
5.e4 O-O
6.Bf1e2 e5
7.d5 h6
8.O-O Bc8g4
9.Bc1e3 a6
10.h3 Bg4xf3
11.Be2xf3 Nb8d7
12.b4 Kh7
13.c5 Nf6g8
14.Bf3e2 f5
15.f3 f4
16.Be3f2 Ng8f6
17.c6 bxc6
18.dxc6 Nd7b8
19.b5 axb5
20.Be2xb5 Qd8c8
21.a4 g5
22.Qd1d3 Nb8a6
23.Nc3d5 Nf6xd5
24.exd5 Kh8
25.Ra1d1 h5
26.Qd3g6 Qc8e8
27.Qg6xg5 Na6c5
28.Bf2xc5 dxc5
29.d6 cxd6
30.Rd1xd6 Qe8f7
31.Rd6d7 { resign }
1-0

[Event "Tourn. n9338"]
[Site "www.chess-mail.com"]
[Date "2017.04.14"]
[Round "1"]
[White "Redabond"]
[Black "Cjood"]
[WhiteElo "1710"]
[BlackElo "1669"]
[Result "0-1"]
[Round "1"]
1.d4 e6
2.Bc1f4 c5
3.Nb1c3 Nb8c6
4.Nc3b5 Qd8a5
5.Nb5c3 cxd4
6.Qd1d3 dxc3
7.Qd3xc3 Bf8b4
{ resign }
0-1

[Event "Tourn. n9229"]
[Site "www.chess-mail.com"]
[Date "2017.04.14"]
[Round "1"]
[White "Ffdd65"]
[Black "Norlavuaram"]
[WhiteElo "2120"]
[BlackElo "2170"]
[Result "1-0"]
[Round "1"]
1.e4 e5
2.Ng1f3 Nb8c6
3.d4 exd4
4.Nf3xd4 Bf8c5
5.Nd4f5 Qd8f6
6.Nb1c3 Ng8e7
7.Bf1d3 O-O
8.O-O Ne7xf5
9.exf5 d6
10.Nc3d5 Qf6d8
11.Rf1e1 Nc6e5
12.Bc1f4 Ne5xd3
13.Qd1xd3 c6
14.Nd5e7 Kh8
15.Ne7xc8 Ra8xc8
16.a3 Qd8f6
17.b4 Bc5d4
18.Ra1d1 Bd4e5
19.Bf4xe5 dxe5
20.Qd3e4 Rf8e8
21.Rd1d7 Rc8b8
22.Re1d1 h6
23.h4 Re8e7
24.Rd1d6 Re7xd7
25.Rd6xf6 gxf6
26.Qe4e3 Kh7
27.g4 b6
28.g5 hxg5
29.hxg5 fxg5
30.Qe3h3 Kg8
31.f6 { resign }
1-0

[Event "Tourn. n9211"]
[Site "www.chess-mail.com"]
[Date "2017.04.14"]
[Round "1"]
[White "Tartan"]
[Black "Mdesouza"]
[WhiteElo "2400"]
[BlackElo "2310"]
[Result "1-0"]
[Round "1"]
1.e4 e6
2.d4 d5
3.Nb1c3 Bf8b4
4.e5 Qd8d7
5.Bc1d2 b6
6.Bf1b5 c6
7.Bb5a4 a5
8.a3 Bb4f8
9.Nc3e2 b5
10.Ba4b3 f6
11.Ng1f3 c5
12.c3 Nb8c6
13.O-O fxe5
14.Nf3xe5 Nc6xe5
15.dxe5 g6
16.a4 c4
17.Bb3c2 b4
18.Ne2d4 Ng8h6
19.Rf1e1 b3
20.Qd1c1 Nh6f5
21.Bc2xf5 gxf5
22.Bd2h6 Rh8g8
23.Bh6xf8 Kxf8
24.Re1e3 Qd7g7
25.Re3g3 Qg7xe5
26.Qc1h6 Rg8g7
27.Rg3e3 Qe5c7
28.Re3xe6 Qc7f7
29.Re6f6 Bc8d7
30.Rf6xf7 Kxf7
31.Qh6d6 { resign }
1-0

[Event "Tourn. n9268"]
[Site "www.chess-mail.com"]
[Date "2017.04.14"]
[Round "1"]
[White "Luban"]
[Black "Norlavuaram"]
[WhiteElo "2180"]
[BlackElo "2090"]
[Result "1-0"]
[Round "1"]
1.d4 Ng8f6
2.c4 g6
3.Nb1c3 Bf8g7
4.e4 d6
5.h3 O-O
6.Bc1e3 e5
7.dxe5 dxe5
8.Qd1xd8 Rf8xd8
9.Be3g5 h6
10.Bg5xf6 Bg7xf6
11.Nc3d5 Rd8xd5
12.cxd5 b6
13.Bf1c4 Nb8d7
14.Ng1e2 Nd7c5
15.Ne2c3 a6
16.O-O-O Bc8b7
17.b4 Nc5d7
18.f3 b5
19.Bc4b3 Nd7b6
20.d6 Bf6d8
21.dxc7 Bd8xc7
22.Nc3d5 Nb6xd5
23.Bb3xd5 Bb7xd5
24.Rd1xd5 Ra8e8
25.Kb2 { resign }
1-0

[Event "Tourn. n9274"]
[Site "www.chess-mail.com"]
[Date "2017.04.14"]
[Round "1"]
[White "Darko10"]
[Black "Rons"]
[WhiteElo "2710"]
[BlackElo "2550"]
[Result "1-0"]
[Round "1"]
1.d4 Ng8f6
2.c4 e6
3.Ng1f3 b6
4.g3 Bc8a6
5.Nb1d2 Ba6b7
6.Bf1g2 c5
7.e4 cxd4
8.O-O d6
9.Nf3xd4 Qd8d7
10.Qd1e2 h5
11.Nd2f3 Nb8c6
12.Bc1g5 Nf6h7
13.Bg5d2 Nh7f6
14.Ra1d1 Nc6xd4
15.Nf3xd4 h4
16.Bd2g5 Nf6h7
17.gxh4 Nh7xg5
18.hxg5 e5
19.Nd4b5 Rh8h4
20.b4 Bb7c6
21.f4 exf4
22.Nb5d4 Bc6a4
23.e5 Ba4xd1
24.Rf1xd1 Qd7g4
25.Nd4f3 d5
26.cxd5 Rh4h5
27.h3 Qg4f5
28.d6 Ra8d8
29.h4 Qf5g4
30.Qe2b5 Qg4d7
31.Qb5c4 Rd8c8
32.Qc4e2 { resign }
1-0

[Event "Match"]
[Site "www.echecsemail.com"]
[Date "2017.04.14"]
[Round "1"]
[White "Pellix84"]
[Black "Darknight"]
[WhiteElo "2070"]
[BlackElo "1780"]
[Result "0-1"]
[Round "1"]
1.d4 d5
2.c4 e6
3.Ng1f3 h6
4.e3 Ng8f6
5.Bf1d3 c5
6.b3 Nb8c6
7.Bc1b2 cxd4
8.Nf3xd4 Bf8c5
9.Nd4f3 d4
10.exd4 Nc6xd4
11.O-O Qd8d6
12.h3 e5
13.Rf1e1 Bc8e6
14.Nf3xe5 O-O-O
15.Nb1c3 a6
16.Qd1d2 Rd8e8
17.Nc3a4 Be6xh3
18.Ne5xf7 Qd6c6
19.f3 Nd4xf3
{ resign }
0-1

[Event "Match"]
[Site "www.echecsemail.com"]
[Date "2017.04.14"]
[Round "1"]
[White "Azorau"]
[Black "Whitekknight"]
[WhiteElo "1770"]
[BlackElo "1930"]
[Result "0-1"]
[Round "1"]
1.e4 e5
2.Ng1f3 d6
3.Bf1c4 h6
4.d4 exd4
5.Nf3xd4 Ng8f6
6.O-O Bf8e7
7.Rf1e1 O-O
8.Nb1d2 Bc8d7
9.e5 dxe5
10.Re1xe5 Be7d6
11.Re5e1 Nb8c6
12.Nd2f3 a6
13.Bc1e3 Rf8e8
14.c3 Nc6e5
15.b3 Ne5xc4
16.bxc4 Nf6g4
17.h3 Ng4xe3
18.fxe3 Bd6g3
19.Re1e2 Qd8f6
20.Ra1b1 b6
21.Nd4c2 Ra8d8
22.Nc2d4 c5
23.Nd4c2 Bd7xh3
24.Qd1f1 Bh3g4
25.Nc2e1 Qf6xc3
26.Re2c2 Qc3xe3
27.Kh1 Qe3e4
28.Rc2b2 Rd8d3
29.Ne1xd3 Qe4xc4
30.Rb2b3 Re8e3
31.Nf3d2 Qc4d5
32.a4 Qd5h5
{ resign }
0-1

[Event "Match"]
[Site "www.echecsemail.com"]
[Date "2017.04.14"]
[Round "1"]
[White "Cjood"]
[Black "Fangshuo"]
[WhiteElo "1699"]
[BlackElo "2030"]
[Result "0-1"]
[Round "1"]
1.Ng1f3 e6
2.c4 Ng8f6
3.e3 c5
4.Nb1c3 Nb8c6
5.d3 d5
6.cxd5 exd5
7.Qd1e2 Bc8g4
8.h3 Bg4e6
9.a3 d4
10.exd4 cxd4
11.Nc3e4 Bf8e7
12.Nf3h2 Qd8a5
13.Ne4d2 Nc6b4
14.Qe2d1 Ra8c8
15.Ke2 Nb4c2
16.Nd2c4 Rc8xc4
17.Bc1d2 Qa5e5
18.Bd2e3 Nc2xe3
{ resign }
0-1

[Event "Match"]
[Site "www.echecsemail.com"]
[Date "2017.04.14"]
[Round "1"]
[White "Hundegana"]
[Black "Coraza"]
[WhiteElo "2070"]
[BlackElo "1760"]
[Result "1-0"]
[Round "1"]
1.d4 e6
2.e4 d5
3.e5 a6
4.g3 Nb8c6
5.c3 b6
6.Bf1g2 Bc8b7
7.Ng1f3 Qd8e7
8.O-O O-O-O
9.Qd1d2 h6
10.b4 b5
11.a4 Kd7
12.Rf1e1 g5
13.h3 f6
14.axb5 Bf8g7
15.bxc6 Kxc6
16.Bc1a3 Qe7e8
17.Qd2c2 f5
18.Qc2a4 Kb6
19.Qa4a5 Kc6
20.Qa5c5 Kd7
21.b5 Kc8
22.b6 c6
23.Nb1d2 h5
24.Nf3xg5 Bg7h6
25.Ng5f3 f4
26.Nd2b3 fxg3
27.fxg3 Bh6g7
28.Nb3a5 Ng8h6
29.Na5xb7 Kxb7
30.Bg2f1 Bg7f8
31.Qc5a5 Rd8a8
32.Ba3d6 Nh6f5
33.Bf1xa6 { resign }
1-0

[Event "Match"]
[Site "www.echecsemail.com"]
[Date "2017.04.14"]
[Round "1"]
[White "Bojan"]
[Black "Mitja"]
[WhiteElo "2020"]
[BlackElo "1950"]
[Result "0-1"]
[Round "1"]
1.c4 e5
2.d4 exd4
3.Qd1xd4 Nb8c6
4.Qd4e4 Qd8e7
5.Qe4c2 d6
6.a3 g6
7.e3 Bf8g7
8.Nb1c3 Ng8f6
9.Ng1e2 Bc8f5
10.Qc2d1 O-O
11.Ne2g3 Bf5d7
12.Ra1b1 Rf8e8
13.b4 a6
14.Bc1b2 Nc6a7
15.Bf1e2 b5
16.cxb5 axb5
17.Be2f3 Ra8b8
18.Qd1d3 c6
19.Nc3e4 Nf6xe4
20.Ng3xe4 d5
21.Ne4c5 Bd7f5
22.Qd3d1 Bf5xb1
23.Qd1xb1 Bg7xb2
24.Qb1xb2 Na7c8
25.O-O Nc8d6
26.Rf1d1 Nd6c4
27.Qb2b3 Rb8a8
28.a4 bxa4
29.Nc5xa4 Re8b8
30.Na4c5 Ra8a3
31.Qb3b1 Rb8a8
32.Qb1c2 Ra3a2
33.Qc2d3 Qe7h4
34.g3 Qh4f6
35.Kg2 Nc4e5
36.Nc5d7 Qf6xf3
{ resign }
0-1

[Event "1/128 Finale"]
[Site "www.chess-mail.com"]
[Date "2017.04.14"]
[Round "1"]
[White "Esperanza"]
[Black "Autmich"]
[WhiteElo "1970"]
[BlackElo "1830"]
[Result "1-0"]
[Round "1"]
1.e4 c5
2.d4 cxd4
3.c3 Nb8c6
4.cxd4 d6
5.Ng1f3 Bc8g4
6.d5 Nc6e5
7.Nf3xe5 Qd8a5
8.Bc1d2 Bg4xd1
9.Bd2xa5 { resign }
1-0

[Event "Eq:Tigers of Istanbul-Slap Shot Mates : "]
[Site "www.chess-mail.com"]
[Date "2017.04.14"]
[Round "1"]
[White "Prize640"]
[Black "Geretree"]
[WhiteElo "2360"]
[BlackElo "1920"]
[Result "1-0"]
[Round "1"]
1.e4 e5
2.Bf1c4 Ng8f6
3.d3 Bf8c5
4.Ng1f3 Nb8c6
5.c3 h6
6.O-O d6
7.h3 a6
8.Bc4b3 O-O
9.Rf1e1 Nf6h5
10.d4 exd4
11.cxd4 Bc5b4
12.Nb1c3 Qd8f6
13.Nc3d5 Qf6g6
14.Nf3h4 Qg6xg2
15.Kxg2 Bb4xe1
16.Qd1xh5 Nc6xd4
17.Nd5e7 Kh7
18.Bc1xh6 gxh6
19.Ra1xe1 Bc8e6
20.Bb3xe6 fxe6
21.Qh5g6 { resign }
1-0

[Event "Tourn. n9172"]
[Site "www.chess-mail.com"]
[Date "2017.04.15"]
[Round "1"]
[White "Zeksky"]
[Black "Falcoale"]
[WhiteElo "1910"]
[BlackElo "1880"]
[Result "1-0"]
[Round "1"]
1.e4 c5
2.Ng1f3 e6
3.Bf1c4 Nb8c6
4.c3 Ng8f6
5.e5 Nf6d5
6.d4 cxd4
7.cxd4 Nd5b6
8.Bc4b3 Nc6a5
9.Bb3c2 Bf8e7
10.O-O O-O
11.Qd1d3 g6
12.Nb1c3 a6
13.b3 f5
14.Nc3e2 Nb6d5
15.a3 b5
16.Nf3d2 Bc8b7
17.f4 Na5c6
18.b4 Nd5c7
19.Bc2b3 Kg7
20.Nd2f3 h6
21.g3 Ra8b8
22.Bc1d2 d5
23.exd6 Be7xd6
24.Bd2c3 Kh7
25.Ra1d1 Nc6e7
26.Rf1e1 Ne7d5
27.Nf3e5 Nd5xc3
28.Ne2xc3 Nc7d5
29.Ne5f3 Qd8b6
30.Re1xe6 Nd5xc3
31.Qd3xc3 Rb8c8
32.Qc3e3 Qb6c7
33.Nf3h4 Bb7e4
34.Nh4xg6 Rf8g8
35.Re6f6 Rg8xg6
36.Rf6f7 Qc7xf7
37.Bb3xf7 Rg6g7
38.Bf7a2 Rc8c2
39.Ba2b1 Rc2g2
40.Kf1 Rg2xh2
41.Bb1xe4 fxe4
42.Qe3xe4 Kh8
43.Rd1d3 Rh2a2
44.Qe4e6 Ra2a1
45.Kg2 Ra1a2
46.Qe6xa2 { resign }
1-0

[Event "Tourn. n9142"]
[Site "www.chess-mail.com"]
[Date "2017.04.15"]
[Round "1"]
[White "Numanoid"]
[Black "Greghghs"]
[WhiteElo "2410"]
[BlackElo "2380"]
[Result "1/2-1/2"]
[Round "1"]
1.e4 e5
2.Ng1f3 Nb8c6
3.d4 exd4
4.Nf3xd4 Ng8f6
5.Nd4xc6 bxc6
6.e5 Qd8e7
7.Qd1e2 Nf6d5
8.c4 Nd5b6
9.Nb1c3 Qe7e6
10.Qe2e4 g6
11.Bf1d3 Bf8g7
12.f4 O-O
13.O-O Bc8a6
14.b3 d5
15.cxd5 cxd5
16.Qe4e2 Ba6xd3
17.Qe2xd3 f6
18.Nc3b5 fxe5
19.Nb5xc7 Qe6d6
20.Nc7xa8 e4
21.Qd3b1 Bg7xa1
22.Qb1xa1 Nb6xa8
23.Qa1d4 Qd6b6
24.Bc1e3 Qb6xd4
25.Be3xd4 Na8c7
26.Bd4xa7 Nc7e6
27.a4 Ne6xf4
28.Rf1f2 Rf8a8
29.Ba7b6 Nf4d3
30.Rf2f1 Nd3b4
31.Rf1c1 Kf7
32.Rc1c7 Ke6
33.a5 Nb4d3
34.Kf1 Kd6
35.Rc7xh7 d4
36.Bb6xd4 Ra8xa5
37.Ke2 { draw }
1/2-1/2

[Event "Tourn. n9191"]
[Site "www.chess-mail.com"]
[Date "2017.04.15"]
[Round "1"]
[White "Azulmarino"]
[Black "Lucaschess"]
[WhiteElo "1460"]
[BlackElo "1499"]
[Result "0-1"]
[Round "1"]
1.e4 e5
2.Ng1f3 Nb8c6
3.Bf1c4 Ng8f6
4.Nb1c3 Nf6xe4
5.Nc3xe4 d5
6.Bc4xd5 Qd8xd5
7.d3 Bc8g4
8.h3 Bg4f5
9.Ne4c3 Qd5d7
10.Bc1d2 O-O-O
11.Qd1e2 f6
12.g4 Bf5e6
13.Bd2e3 Bf8b4
14.Nf3d2 Nc6d4
15.Be3xd4 Qd7xd4
16.Nc3b5 Qd4xb2
17.O-O Bb4xd2
18.Nb5xa7 Kb8
19.Qe2xd2 Kxa7
20.Qd2e3 Qb2d4
21.Qe3f3 Be6d5
22.Qf3e2 b5
23.Ra1b1 Rd8b8
24.a3 b4
25.a4 Bd5c6
26.Rb1a1 Rb8b6
27.a5 Rb6a6
28.Qe2e3 Kb7
29.Qe3xd4 exd4
30.Rf1b1 Rh8a8
31.Rb1xb4 Kc8
32.Rb4xd4 Ra6xa5
33.Ra1b1 Ra5a1
34.Rb1xa1 Ra8xa1
35.Kh2 Ra1a2
36.Rd4c4 Bc6a4
37.Kg2 Ba4xc2
38.d4 Bc2e4
39.Kg3 Be4d5
40.Rc4c5 c6
41.Rc5c3 Ra2d2
42.Rc3e3 Kd7
43.Re3a3 Ke7
44.Ra3a7 Kf8
45.Kf4 Rd2xf2
46.Kg3 Rf2e2
47.Kh4 Re2e4
48.Kg3 Re4xd4
49.Kf2 Rd4e4
50.Kg3 Re4e7
51.Ra7a8 Kf7
52.Kf4 Re7c7
53.g5 fxg5
54.Kxg5 c5
55.Ra8a5 Bd5e6
56.h4 c4
57.Ra5a1 c3
58.Ra1f1 Ke7
59.Rf1e1 c2
60.Re1c1 Rc7c4
61.h5 Rc4g4

0-1

[Event "Tourn. n9306"]
[Site "www.chess-mail.com"]
[Date "2017.04.15"]
[Round "1"]
[White "Pachi"]
[Black "Hansen"]
[WhiteElo "1520"]
[BlackElo "1610"]
[Result "1-0"]
[Round "1"]
1.e4 e5
2.Ng1f3 Nb8c6
3.Bf1b5 Nc6d4
4.c4 c6
5.Nf3xd4 exd4
6.Bb5a4 b5
7.cxb5 cxb5
8.Ba4xb5 a6
9.Bb5c4 Ng8f6
10.f3 Nf6h5
11.O-O Nh5f4
12.Qd1b3 d5
13.exd5 Bc8f5
14.Rf1e1 Bf8e7
15.Qb3a3 Ra8a7
16.d6 Kf8
17.dxe7 Ra7xe7
18.Re1xe7 Nf4g6
19.Re7d7 Qd8e7
20.Rd7xe7 Ng6xe7
21.Qa3a5 g6
22.Qa5d8 Kg7
23.Qd8xe7 Rh8c8
24.Qe7e5 Kh6
25.d3 Kh5
26.g4 Kh4
27.Qe5g3 { resign }
1-0

[Event "Tourn. n9188"]
[Site "www.chess-mail.com"]
[Date "2017.04.15"]
[Round "1"]
[White "Prize640"]
[Black "Seger"]
[WhiteElo "2380"]
[BlackElo "2840"]
[Result "0-1"]
[Round "1"]
1.e4 d6
2.d4 g6
3.f4 Bf8g7
4.Ng1f3 c5
5.c3 Qd8b6
6.dxc5 Qb6xc5
7.Bf1d3 Ng8f6
8.Qd1e2 O-O
9.Bc1e3 Qc5c7
10.Nb1d2 e5
11.fxe5 dxe5
12.O-O-O Nb8d7
13.Kb1 b6
14.Rh1e1 Ra8b8
15.h3 Nd7c5
16.Be3xc5 Qc7xc5
17.g4 h5
18.g5 Nf6e8
19.Nd2b3 Qc5c7
20.h4 Ne8d6
21.Nb3d2 b5
22.c4 bxc4
23.Nd2xc4 Nd6b5
24.Rd1c1 Bc8e6
25.Ka1 Rf8c8
26.Qe2f2 a5
27.Re1d1 a4
28.Rc1c2 Qc7d7
29.Qf2d2 Be6g4
30.Bd3e2 Qd7b7
31.Nf3xe5 Bg4e6
32.Qd2c1 a3
{ resign }
0-1

[Event "Tourn. n9316"]
[Site "www.chess-mail.com"]
[Date "2017.04.15"]
[Round "1"]
[White "Sorento"]
[Black "Francesco"]
[WhiteElo "2060"]
[BlackElo "2140"]
[Result "1/2-1/2"]
[Round "1"]
1.e4 c6
2.d4 d5
3.Nb1c3 dxe4
4.Nc3xe4 Bc8f5
5.Ne4g3 Bf5g6
6.h4 h6
7.h5 Bg6h7
8.Bf1d3 Bh7xd3
9.Qd1xd3 Ng8f6
10.Ng1f3 e6
11.Bc1f4 Bf8d6
12.Bf4xd6 Qd8xd6
13.O-O-O Nb8d7
14.Kb1 O-O-O
15.Ng3e4 Nf6xe4
16.Qd3xe4 Nd7f6
17.Qe4e2 Qd6d5
18.Nf3e5 Rh8f8
19.f3 Nf6d7
20.c4 Qd5a5
21.Ne5d3 { draw }
1/2-1/2

[Event "Tourn. n9263"]
[Site "www.chess-mail.com"]
[Date "2017.04.15"]
[Round "1"]
[White "Leochessnut"]
[Black "Falcoale"]
[WhiteElo "1980"]
[BlackElo "2010"]
[Result "1-0"]
[Round "1"]
1.c4 Ng8f6
2.b3 e6
3.d4 b6
4.Ng1f3 Bc8b7
5.g3 d5
6.e3 Bf8b4
7.Nb1d2 dxc4
8.Bf1xc4 O-O
9.O-O Nb8c6
10.Bc1b2 Nf6d5
11.a3 Bb4c3
12.Bc4xd5 Bc3xb2
13.Bd5xc6 Bb7xc6
14.Ra1a2 Bb2c3
15.Ra2c2 Bc3xd2
16.Rc2xc6 Qd8d7
17.Qd1c2 Bd2a5
18.b4 Ba5xb4
19.axb4 f6
20.Rc6xc7 Qd7b5
21.Rf1c1 Qb5xb4
22.Qc2c6 Qb4b3
23.Qc6d7 { resign }
1-0

[Event "Tourn. n9077"]
[Site "www.chess-mail.com"]
[Date "2017.04.15"]
[Round "1"]
[White "Seger"]
[Black "Pwain"]
[WhiteElo "2820"]
[BlackElo "2400"]
[Result "1-0"]
[Round "1"]
1.d4 d5
2.c4 e6
3.e3 Ng8f6
4.Nb1c3 Bf8e7
5.Ng1f3 O-O
6.b3 c5
7.Bc1b2 cxd4
8.Nf3xd4 Nb8c6
9.Nd4xc6 bxc6
10.Bf1d3 Bc8a6
11.O-O dxc4
12.bxc4 Ra8b8
13.Ra1b1 Qd8a5
14.Nc3e2 Rf8d8
15.Qd1c2 h6
16.Ne2d4 Ba6b7
17.Bb2c3 Qa5c7
18.f4 Be7c5
19.Bd3e2 Bc5b6
20.Be2f3 Nf6d7
21.g3 Rd8e8
22.Bc3b2 f6
23.Bf3h5 Re8e7
24.Bb2a3 Bb6c5
25.Ba3xc5 Nd7xc5
26.Bh5f3 Re7e8
27.Qc2c3 e5
28.Qc3a3 exd4
29.Qa3xc5 dxe3
30.Qc5xa7 Re8e7
31.a4 Rb8a8
32.Qa7xb7 Qc7xb7
33.Rb1xb7 Re7xb7
34.Bf3xc6 Rb7b8
35.Bc6xa8 Rb8xa8
36.Rf1a1 Ra8c8
37.a5 Rc8xc4
38.a6 Rc4c8
39.Kf1 Kf7
40.Ke2 Ke6
41.a7 Rc8a8
42.Kxe3 Kd5
43.g4 Ra8e8
44.Kd3 Re8a8
45.Ra1a5 Kc6
46.Ke4 { resign }
1-0

[Event "Tourn. n9262"]
[Site "www.chess-mail.com"]
[Date "2017.04.15"]
[Round "1"]
[White "Bojan"]
[Black "Norlavuaram"]
[WhiteElo "2010"]
[BlackElo "2080"]
[Result "0-1"]
[Round "1"]
1.e4 e5
2.Ng1f3 Nb8c6
3.d4 exd4
4.Nf3xd4 Bf8c5
5.Nd4xc6 Qd8f6
6.Qd1e2 Qf6xc6
7.e5 Ng8e7
8.Bc1f4 Ne7g6
9.Bf4g3 O-O
10.Qe2b5 Qc6xb5
11.Bf1xb5 c6
12.Bb5d3 Ng6e7
13.O-O Ne7g6
14.Kh1 Bc5d4
15.c3 Bd4xe5
16.f4 Be5c7
17.h3 d5
18.Bg3h2 Bc8d7
19.Nb1d2 Rf8e8
20.g4 Re8e3
21.Bd3f5 Bd7xf5
22.gxf5 Ng6h4
23.f6 Re3xh3
24.fxg7 Ra8e8
25.Kg1 Re8e2
26.Rf1f2 Re2xd2
27.Rf2xd2 Nh4f3
28.Kg2 Rh3xh2
29.Kxf3 Rh2xd2
30.Ra1b1 Kxg7
31.Ke3 Rd2h2
32.a3 Rh2h4
33.f5 Kf6
34.Kf3 Rh4h5
{ resign }
0-1

[Event "Tourn. n9232"]
[Site "www.chess-mail.com"]
[Date "2017.04.15"]
[Round "1"]
[White "Tartan"]
[Black "Dimos40"]
[WhiteElo "2390"]
[BlackElo "2350"]
[Result "0-1"]
[Round "1"]
1.e4 g6
2.d4 Bf8g7
3.c4 d6
4.Nb1c3 Ng8f6
5.Ng1f3 O-O
6.Bf1e2 e5
7.O-O Nb8c6
8.d5 Nc6e7
9.Nf3e1 Nf6d7
10.Bc1e3 f5
11.f3 f4
12.Be3f2 g5
13.b4 Nd7f6
14.Ra1c1 Ne7g6
15.c5 Rf8f7
16.cxd6 cxd6
17.a4 b6
18.a5 bxa5
19.bxa5 Bg7f8
20.Qd1a4 g4
21.Rc1b1 g3
22.hxg3 Nf6h5
23.gxf4 Ng6xf4
24.Be2c4 Qd8g5
25.Qa4c2 Rf7g7
{ resign }
0-1

[Event "Tourn. n9129"]
[Site "www.chess-mail.com"]
[Date "2017.04.15"]
[Round "1"]
[White "Manolinex"]
[Black "Aperturaf"]
[WhiteElo "2880"]
[BlackElo "2370"]
[Result "1/2-1/2"]
[Round "1"]
1.d4 d5
2.c4 e6
3.Ng1f3 Ng8f6
4.Nb1c3 Bf8e7
5.Bc1f4 O-O
6.e3 Nb8d7
7.a3 c5
8.cxd5 Nf6xd5
9.Nc3xd5 exd5
10.dxc5 Nd7xc5
11.Bf1e2 Be7f6
12.Bf4e5 Bc8f5
13.Ra1c1 Ra8c8
14.O-O Bf6xe5
15.Nf3xe5 Qd8f6
16.b4 Qf6xe5
17.bxc5 Rf8e8
18.Rf1e1 Re8e7
19.Qd1a4 Re7c7
20.Qa4xa7 Qe5e6
21.Rc1d1 Bf5e4
22.Be2d3 b5
23.Qa7a5 Rc7xc5
24.Bd3xe4 Qe6xe4
25.Rd1d4 Qe4e5
26.h3 g6
27.Re1d1 Rc5c1
28.Qa5d2 Rc1xd1
29.Qd2xd1 Rc8c5
30.g4 h6
31.Qd1f3 Kg7
32.Kg2 Qe5e6
33.Rd4d3 Qe6d6
34.Rd3d4 Qd6d7
35.Rd4b4 Rc5c4
36.Qf3g3 Qd7b7
37.Qg3e5 f6
38.Qe5e6 d4
39.e4 Rc4xb4
40.axb4 d3
41.Kf3 Qb7c7
42.Qe6d5 Qc7c2
43.h4 Qc2d1
44.Kg3 Qd1g1
{ draw }
1/2-1/2